| 000 | 01729cad a22002895a 4500 | ||
|---|---|---|---|
| 001 | L159305 | ||
| 008 | 16060 s2016 xxk fo 000 0 eng d | ||
| 020 | _a9781783211470 | ||
| 035 | _a(Sirsi) u159305 | ||
| 041 | 0 | _aeng | |
| 110 | 2 |
_aRoyal Institution of Chartered Surveyors _94900 |
|
| 245 | 0 | 0 |
_aValuation of land for affordable housing _bRICS guidance note _h[electronic resource] |
| 250 | _a2 ed | ||
| 260 |
_aCoventry _bRICS _c2016 |
||
| 490 | 0 | _aRICS Guidance Note | |
| 490 | 0 | _aRICS Practice Standards UK | |
| 520 | _aAims to assist practitioners in the approach to the valuation of affordable housing development land. The focus is on the valuation of land for housing and flats but the principles are broadly adaptable for other types of affordable housing, such as special needs and sheltered housing accommodation. Looks at what is affordable housing, establishing the facts, valuing by the comparison method, valuing by the residual method, establishing the GDV, external subsidies, Section 106 affordable units, internal and cross subsidy, establishing the development costs, affordable housing delivered outside the HCA's regulatory framework, establishing the land value and reporting the valuation and assessing development potential. Effective from 28 April 2016. | ||
| 520 | _aSupersedes 1st ed 9781842195987 | ||
| 521 | _aAdvanced | ||
| 590 | _aKA | ||
| 650 | 2 | 4 |
_aAffordable housing _96215 |
| 651 | 4 |
_aEngland and Wales _y1543- |
|
| 690 |
_aValuation _96273 |
||
| 690 | _aLAND | ||
| 856 | 4 | 1 |
_uhttps://www.rics.org/profession-standards/rics-standards-and-guidance/sector-standards/valuation-standards/valuation-of-land-for-affordable-housing _zView this item at www.rics.org |
| 942 |
_n0 _2ddc |
||
| 999 |
_c115792 _d115792 |
||